Database system concepts (Record no. 489)

000 -LEADER
fixed length control field 00571nam a22002297a 4500
001 - CONTROL NUMBER
control field 489
003 - CONTROL NUMBER IDENTIFIER
control field BD-DhUET
008 - FIXED-LENGTH DATA ELEMENTS--GENERAL INFORMATION
fixed length control field 140722b xxu||||| |||| 00| 0 eng d
020 ## - INTERNATIONAL STANDARD BOOK NUMBER
International Standard Book Number 007124476X
040 ## - CATALOGING SOURCE
Transcribing agency 0
Modifying agency BD-DhUET
082 ## - DEWEY DECIMAL CLASSIFICATION NUMBER
Classification number 005.74
Item number SIL/2006
100 ## - MAIN ENTRY--PERSONAL NAME
Personal name Silberschatz, Abraham
245 ## - TITLE STATEMENT
Title Database system concepts
250 ## - EDITION STATEMENT
Edition statement 5th ed.
260 ## - PUBLICATION, DISTRIBUTION, ETC. (IMPRINT)
Place of publication, distribution, etc. Boston
Name of publisher, distributor, etc. McGraw-Hill
Date of publication, distribution, etc. 2006
300 ## - PHYSICAL DESCRIPTION
Extent xxvi,1142p.
Other physical details ill.
504 ## - BIBLIOGRAPHY, ETC. NOTE
Bibliography, etc Includes bibliographies
650 #0 - SUBJECT ADDED ENTRY--TOPICAL TERM
Topical term or geographic name as entry element Database management
700 ## - ADDED ENTRY--PERSONAL NAME
Personal name Korth, Henry F.
700 ## - ADDED ENTRY--PERSONAL NAME
Personal name Sudarshan, S.
942 ## - ADDED ENTRY ELEMENTS (KOHA)
Koha item type General Book
Holdings
Damaged status Sublocation or collection (holding branch) Koha date last borrowed Withdrawn status Not for loan Lost status Koha item type Piece designation (barcode) Shelving location Koha issues (times borrowed) Koha renewals Date acquired Location (home branch) Price effective from Copy number Source of classification or shelving scheme Koha full call number Koha normalized classification for sorting Koha date last seen
 Central Library, BUET    General Book103320Circulation section  2014-07-22Central Library, BUET2014-07-221 007.74/SIL/2006007_000000000000000_74SIL20062014-07-22
 Central Library, BUET    General Book103321Circulation section 22014-07-22Central Library, BUET2014-07-222 007.74/SIL/2006007_000000000000000_74SIL20062016-12-24
 Central Library, BUET    General Book103322Circulation section  2014-08-25Central Library, BUET2014-08-253 005.74 SIL/2006005_740000000000000_SIL20062014-08-25
 Central Library, BUET2021-12-04   General Book103323Circulation section1 2014-08-25Central Library, BUET2014-08-254 005.74/SIL/2006005_000000000000000_74SIL20062021-12-18
 Central Library, BUET    General Book103324Circulation section  2014-08-25Central Library, BUET2014-08-255 005.74/SIL/2006005_000000000000000_74SIL20062014-08-25
 Central Library, BUET    General Book103325Circulation section  2014-08-25Central Library, BUET2014-08-256 005.74/SIL/2006005_740000000000000_SIL_20062014-08-25
 Central Library, BUET2017-07-01   General Book103326Circulation section1 2014-08-25Central Library, BUET2014-08-257 005.74/SIL/2006005_740000000000000_SIL_20062017-07-16
 Central Library, BUET    General Book103327Circulation section  2014-08-25Central Library, BUET2014-08-258 005.74/SIL/2006005_000000000000000_74SIL20062014-08-25
 Central Library, BUET    General Book103328Circulation section  2014-08-25Central Library, BUET2014-08-259 005.74/SIL/2006005_000000000000000_74SIL20062014-08-25
 Central Library, BUET    General Book103329Circulation section  2014-08-25Central Library, BUET2014-08-2510 005.74/SIL/2006005_000000000000000_74SIL20062014-08-25
 Central Library, BUET    Reading Item102172Reading section  2015-06-09Central Library, BUET2015-06-0911 005.74/SIL/2006005_740000000000000_SIL_20062015-06-09
 Central Library, BUET    Reading Item102554Reading section  2015-06-09Central Library, BUET2015-06-0912 005.74/SIL/2006005_740000000000000_SIL_20062015-06-09